10->Katowice Sądowa - Statystyki

Ogólne statystyki
  • Ten quiz został rozwiązany 4 razy
  • Średni wynik to 29 z 30
Statystyki odpowiedzi
Miasto Przystanek % Poprawnych
Katowice Brynów Centrum Przesiadkowe
100%
Katowice Brynów Kopalnia Wujek
100%
Katowice Brynów Różyckiego
100%
Katowice Brynów Wincentego Pola
100%
Katowice Brynów Wincentego Pola
100%
Katowice Katowice AWF
100%
Katowice Katowice AWF
100%
Katowice Katowice Dworzec
100%
Katowice Katowice Dworzec
100%
Katowice Katowice Mikołowska
100%
Katowice Katowice Mikołowska
100%
Katowice Katowice Mikołowska Sąd
100%
Katowice Katowice Sądowa
100%
Katowice Katowice Sądowa
100%
Katowice Ligota Ośrodek Zdrowia
100%
Katowice Ligota Poleska
100%
Katowice Ochojec Sadowa
100%
Katowice Ochojec Szpital
100%
Katowice Ochojec Ziołowa
100%
Katowice Ochojec Ziołowa
100%
Katowice Park Zadole
100%
Katowice Piotrowice Dworzec PKP
100%
Katowice Piotrowice Fabryka Maszyn
100%
Katowice Piotrowice Osiedle
100%
Katowice Piotrowice Skrzyżowanie
100%
Katowice Stara Ligota Załęska
100%
Katowice Brynów Dworska
75%
Katowice Ochojec Wapienna
75%
Katowice Stara Ligota Stroma
75%
Katowice Brynów Rzepakowa
50%
Nie znaleziono quizów pasujących do podanych kryteriów
Rozkład punktacji
Procent ludzi z każdym wynikiem
Percentyl według liczby udzielonych odpowiedzi
Twoja historia wyników
Nie rozwiązałeś tego quizu